[Event "Foment Martinenc op-B 22nd"]
[Site "Barcelona"]
[Date "2022.06.18"]
[Round "9"]
[White "Martinez Ferrer, Albert"]
[Black "Alonso Vidal, David"]
[Result "1/2-1/2"]
[WhiteElo "1675"]
[BlackElo "1323"]
[PlyCount "51"]
[EventDate "2022.04.23"]
[EventType "swiss"]
[EventRounds "9"]
[EventCountry "ESP"]
[SourceTitle "EXT 2023"]
[Source "ChessBase"]
[SourceDate "2022.10.05"]
[SourceVersion "1"]
[SourceVersionDate "2022.10.05"]
[SourceQuality "1"]

1. d4 Nf6 2. Nf3 g6 3. Bf4 Bg7 4. e3 0-0 5. Bc4 d6 6. Nbd2 c5 7. c3 Nc6 8. 0-0 Nd7 9. d5 Nce5 10. Nxe5 Nxe5 11. Be2 e6 12. c4 Qb6 13. Rb1 exd5 14. cxd5 Re8 15. b3 Qc7 16. h4 h5 17. Rc1 b6 18. e4 Bb7 19. Re1 a6 20. a4 Qd8 21. g3 Bc8 22. Kg2 Qd7 23. Rh1 b5 24. axb5 axb5 25. Qf1 Ba6 26. f3 1/2-1/2